Les 50 meilleurs sprinteurs de 2026 - Statistiques

Statistiques générales
  • Ce quiz a été pris 21 fois
  • Le résultat moyen est 31 sur 52
Statistiques - réponses
Equipe Nationalité Sprinteurs % Correct
Alpecin-Premier Tech Belgique Jasper Philipsen
100%
NSN Cycling Team Erythrée Biniam Girmay
94%
Cofidis France Bryan Coquard
94%
Lidl-Trek Italie Jonathan Milan
94%
Lidl-Trek Danemark Mads Pedersen
94%
Lotto-Intermarché Belgique Arnaud De Lie
89%
Alpecin-Premier Tech Australie Kaden Groves
89%
Soudal Quick-Step France Paul Magnier
89%
Soudal Quick-Step Belgique Tim Merlier
89%
Bahrain Victorious Allemagne Phil Bauhaus
83%
Team Visma Lease a Bike Belgique Wout Van Aert
83%
Red Bull-BORA-Hansgrohe Belgique Jordi Meeus
78%
Team Visma Lease a Bike Grande-Bretagne Matthew Brennan
78%
Caja Rural-Seguros RGA Colombie Fernando Gaviria
72%
Decathlon CMA CGM Pays-Bas Olav Kooij
72%
UAE Team Emirates-XRG Colombie Sebastian Molano
72%
Decathlon CMA CGM Danemark Tobias Lund Andresen
72%
Unibet Rose Rockets Pays-Bas Dylan Groenewegen
67%
XDS Astana Team Allemagne Max Kanter
67%
Red Bull-BORA-Hansgrohe Pays-Bas Danny Van Poppel
61%
Cofidis Belgique Milan Fretin
61%
Groupama-FDJ United France Paul Penhoet
61%
Team Picnic PostNL Tchéquie Pavel Bittner
61%
Pinarello-Q36.5 Pro Cycling Team Irlande Sam Bennett
61%
Team TotalEnergies France Anthony Turgis
56%
Team Picnic PostNL Pays-Bas Casper Van Uden
56%
EF Education-EasyPost USA Luke Lamperti
56%
EF Education-EasyPost Pays-Bas Marijn Van Den Berg
56%
Movistar Team Venezuela Orluis Aular
56%
Team Jayco-AlUla Allemagne Pascal Ackermann
56%
INEOS Grenadiers Australie Sam Welsford
56%
Cofidis Pologne Stanislaw Aniolkowski
56%
Soudal Quick-Step Italie Alberto Dainese
50%
Cofidis France Alexis Renard
50%
Team TotalEnergies France Emilien Jeanniere
50%
NSN Cycling Team Grande-Bretagne Ethan Vernon
50%
NSN Cycling Team France Hugo Hofstetter
50%
EF Education-EasyPost Estonie Madis Mihkels
50%
Tudor Pro Cycling Team Pays-Bas Arvid De Kleijn
44%
XDS Astana Team Italie Matteo Malucelli
44%
NSN Cycling Team Israel Oded Kogut
44%
Pinarello-Q36.5 Pro Cycling Team Italie Matteo Moschetti
39%
Unibet Rose Rockets Irlande Rory Townsend
39%
Uno-X Mobility Norvège Soren Waerenskjold
39%
Uno-X Mobility Norvège Erlend Blikra
33%
Tudor Pro Cycling Team Italie Luca Mozzato
33%
Uno-X Mobility Norvège Stian Fredheim
33%
Red Bull-BORA-Hansgrohe Belgique Arne Marit
28%
Alpecin-Premier Tech Belgique Gerber Thijssen
28%
Team Polti VisitMalta Italie Giovanni Lonardi
28%
Lidl-Trek Allemagne Tim Torn Teutenberg
28%
Bardiani CSF 7 Saber Italie Enrico Zanoncello
17%
Aucun quiz correspondant
Distribution des résultats
% des personnes avec chaque résultat
Percentile par nombre de réponses
Votre historique - résultats
Vous n’avez pas pris ce quiz